<?xml version="1.0" encoding="utf-8"?>
<?xml-stylesheet type='text/xsl' href='./oai2.xsl'?>
<OAI-PMH xmlns="http://www.openarchives.org/OAI/2.0/" xmlns:xsi="http://www.w3.org/2001/XMLSchema-instance" xsi:schemaLocation="http://www.openarchives.org/OAI/2.0/ http://www.openarchives.org/OAI/2.0/OAI-PMH.xsd">
  <responseDate>2026-05-15T18:10:34Z</responseDate>
  <request verb="GetRecord" metadataPrefix="marcxml" identifier="record_kuniweb_127492">https://kulturerbe.niedersachsen.de/oai</request>
  <GetRecord>
    <record>
      <header>
        <identifier>record_kuniweb_127492</identifier>
        <datestamp>2026-03-31T19:09:18Z</datestamp>
        <setSpec>slg0233</setSpec>
      </header>
      <metadata>
        <marc:record xmlns:marc="http://www.loc.gov/MARC21/slim" xsi:schemaLocation="http://www.loc.gov/MARC21/slim http://www.loc.gov/standards/marcxml/schema/MARC21slim.xsd">
          <marc:leader>12345nrm  22     uu 4500</marc:leader>
          <marc:controlfield tag="001">127492</marc:controlfield>
          <marc:controlfield tag="003">http://kuniweb.gbv.de</marc:controlfield>
          <marc:controlfield tag="005">2022-04-29T08:48:37</marc:controlfield>
          <marc:controlfield tag="008">|           ||||||||||||||||||||||</marc:controlfield>
          <marc:datafield tag="245" ind1="1" ind2="0">
            <marc:subfield code="a">Glas in Fassform</marc:subfield>
          </marc:datafield>
          <marc:datafield tag="655" ind1=" " ind2="7">
            <marc:subfield code="a">Kunsthandwerk</marc:subfield>
          </marc:datafield>
          <marc:datafield tag="046" ind1=" " ind2=" ">
            <marc:subfield code="k">1700-01-01</marc:subfield>
            <marc:subfield code="k">18. Jahrhundert</marc:subfield>
            <marc:subfield code="l">1799-12-31</marc:subfield>
          </marc:datafield>
          <marc:datafield tag="260" ind1=" " ind2=" ">
            <marc:subfield code="g">1700-01-01</marc:subfield>
            <marc:subfield code="g">1799-12-31</marc:subfield>
            <marc:subfield code="g">18. Jahrhundert</marc:subfield>
          </marc:datafield>
          <marc:datafield tag="300" ind1=" " ind2=" ">
            <marc:subfield code="a">Höhe: 11 cm
Breite: 16,3 cm
Tiefe: 7,3 cm</marc:subfield>
          </marc:datafield>
          <marc:datafield tag="520" ind1=" " ind2=" ">
            <marc:subfield code="a">Vier eingerollte niedrige Füße tragen das zu den Enden schmaler werdende Fass, welches dank aufgelegter Rippen den Eindruck vermittelt, aus 10 Bohlen zusammengesetzt zu sein. Zehn bzw. neun aufgelegte gekniffene Glasfäden zieren die beiden Enden. Etwas aus dem Gefäßzentrum zur Seite verschoben befindet sich auf der Oberseite des Gefäßes der Ausguss mit Schraubverschluss aus Zinn. (Städtisches Museum Braunschweig)

Aufkleber/Etikett:
"V / 84" (in Schwarz auf weißem Klebeetikett unter dem Boden)

Literatur in Zusammenhang:
Thomas Dexel: Gebrauchsglas. Gläser des Alltags vom Spätmittelalter bis zum beginnenden 20. Jahrhundert. 2. Aufl. München 1983, S. 272, Abb. 349.</marc:subfield>
          </marc:datafield>
          <marc:datafield tag="650" ind1="1" ind2=" ">
            <marc:subfield code="a">Hausrat</marc:subfield>
          </marc:datafield>
          <marc:datafield tag="650" ind1="1" ind2=" ">
            <marc:subfield code="a">Behältnis, Hülle</marc:subfield>
          </marc:datafield>
          <marc:datafield tag="650" ind1="1" ind2=" ">
            <marc:subfield code="a">Gebrauchsgegenstand</marc:subfield>
          </marc:datafield>
          <marc:datafield tag="650" ind1="1" ind2=" ">
            <marc:subfield code="a">Trink- und Schankgeschirr</marc:subfield>
          </marc:datafield>
          <marc:datafield tag="773" ind1="0" ind2=" ">
            <marc:subfield code="t">Formsammlung</marc:subfield>
          </marc:datafield>
          <marc:datafield tag="852" ind1=" " ind2=" ">
            <marc:subfield code="a">Städtisches Museum Braunschweig</marc:subfield>
          </marc:datafield>
          <marc:datafield tag="852" ind1=" " ind2=" ">
            <marc:subfield code="a">Deutschland Bundesrepublik Deutschland</marc:subfield>
          </marc:datafield>
          <marc:datafield tag="" ind1=" " ind2=" ">
            <marc:subfield code="a">Namensnennung - Nicht kommerziell - Keine Bearbeitungen 4.0 International (CC BY-NC-ND 4.0)</marc:subfield>
          </marc:datafield>
        </marc:record>
      </metadata>
    </record>
  </GetRecord>
</OAI-PMH>
